<?xml version="1.0" encoding="UTF-8"?>
<collection xmlns="http://www.loc.gov/MARC21/slim">
  <record>
    <leader>00000nam  2200000   4500</leader>
    <controlfield tag="001">INLIS000000000015893</controlfield>
    <controlfield tag="005">20230926121258</controlfield>
    <datafield tag="035" ind1="#" ind2="#">
      <subfield code="a">0010-0923000134</subfield>
    </datafield>
    <controlfield tag="007">ta</controlfield>
    <controlfield tag="008">230926################|##########|#|##</controlfield>
    <datafield tag="084" ind1="#" ind2="#">
      <subfield code="a">R 87 PIM I 2022</subfield>
    </datafield>
    <datafield tag="100" ind1=" " ind2="#">
      <subfield code="a">Berton SP Panjaitan</subfield>
    </datafield>
    <datafield tag="245" ind1="1" ind2="#">
      <subfield code="a">Kebijakan Nasional Dalam Peningkatan Standar Mutu Pelayanan Penanggulangan Bencana /</subfield>
      <subfield code="c">Berton SP Panjaitan</subfield>
    </datafield>
    <datafield tag="250" ind1="#" ind2="#">
      <subfield code="a">1</subfield>
    </datafield>
    <datafield tag="260" ind1="#" ind2="#">
      <subfield code="a">Jakarta :</subfield>
      <subfield code="b">Pusbangkom Pimnas dan Manajerial ASN,</subfield>
      <subfield code="c">2022</subfield>
    </datafield>
    <datafield tag="300" ind1="#" ind2="#">
      <subfield code="a">- :</subfield>
      <subfield code="b">ilus ;</subfield>
      <subfield code="c">30 cm</subfield>
    </datafield>
    <datafield tag="650" ind1="#" ind2="4">
      <subfield code="a">Aspek Keamanan Umum Lainnya</subfield>
    </datafield>
    <datafield tag="650" ind1="#" ind2="4">
      <subfield code="a">Penanggulangan Bencana</subfield>
    </datafield>
    <datafield tag="520" ind1="#" ind2="#">
      <subfield code="a">Kejadian bencana di Indonesia dari waktu ke waktu terus bertambah, baik dari segi jumlah kejadian juga magnitude kejadian. Hal ini menyebabkan banyaknya jumlah kematian, luka-luka kehilangan harta benda maupun kerusakan lingkungan. Untuk menanggulangi bencana, Pemerintah telah mengundangkan Undang-Undang Nomor 24 Tahun 2007 tentang Penanggulangan Bencana. Pada Pasal 4 huruf a UU tersebut menyebutkan bahwa salah satu tujuan penanggulangan bencana adalah memberikan perlindungan kepada masyarakat dari ancaman bencana, sebagaimana diamanatkan oleh UUD 1945.</subfield>
    </datafield>
    <datafield tag="990" ind1="#" ind2="#">
      <subfield code="a">87</subfield>
    </datafield>
  </record>
</collection>
